Normal view
MARC view
- REFRIGERATION AND REFRIGERATION MACHNINERY AIR CONDOTIONING
Entry Topical Term
001 - CONTROL NUMBER
- control field: 67159
003 - CONTROL NUMBER IDENTIFIER
- control field: NUST
005 - DATE AND TIME OF LATEST TRANSACTION
- control field: 20210628203744.0
008 - FIXED-LENGTH DATA ELEMENTS
- fixed length control field: 210628|| aca||aabn | a|a d
040 ## - CATALOGING SOURCE
- Original cataloging agency: NUST
- Transcribing agency: NUST
150 ## - HEADING--TOPICAL TERM
- Topical term or geographic name entry element: REFRIGERATION AND REFRIGERATION MACHNINERY AIR CONDOTIONING
670 ## - SOURCE DATA FOUND
- Source citation: Work cat.: (NUST): WHITENAW, W. C, JOHNSON, W. M 67158, REGRIGERATION AND AIR CONDITIONING TECHNOLOGY, CONCEPT PROCEDURES AND TRONABLE SHOOTING TECHNIQUES, 1988
